000 00516nam a2200193Ia 4500
005 20260120131451.0
008 008 260114s9999 xx 000 0 eng d
020 _a9780191850011
037 _aEBOOK
040 _aCRL
_beng
_cCRL
041 _aeng
_2eng
084 _qCRL
100 _aRohani, Scarpino
_9927350
245 0 _aPertussis
260 _bOxford University PressOxford University Press
_c2019
856 _uhttps://academic.oup.com/book/26796
942 _cEBOOK
999 _c1519267
_d1519267